"Wer stiehlt mir die Show" - Teilnehmer - Statistiken

Allgemein
  • Dieses Quiz wurde 99 mal gespielt
    12 seit der letzten Aktualisierung
  • Das Durchschnittsergebnis liegt bei 23 aus 29
Antwortstatistiken
Hint Antwort % Korrekt
Staffel 2 Bastian Pastewka
90%
Host Joko Winterscheid
90%
Staffel 7 Klaas Heufer-Umlauf
90%
Staffel 8 Nina Chuba
90%
Staffel 4 & 10 Olli Schulz
90%
Staffel 1 Palina Rojinski
90%
Staffel 2 & 9 Teddy Teclebrhan
90%
Staffel 1 Elyas M'Barek
80%
Staffel 6 Florian David Fitz
80%
Staffel 6 Hazel Brugger
80%
Staffel 9 Heike Makatsch
80%
Staffel 10 Karoline Herfurth
80%
Staffel 7 Lena Meyer-Landrut
80%
Staffel 3 Mark Forster
80%
Staffel 6 Matthias Schweighöfer
80%
Staffel 10 Olli Dittrich
80%
Staffel 9 Rea Garvey
80%
Staffel 2 Shirin David
80%
Staffel 5 Sido
80%
Staffel 3 Anke Engelke
70%
Staffel 5 Bill Kaulitz
70%
Staffel 4 Fahri Yardim
70%
Staffel 5 Jasna Fritzi Bauer
70%
Staffel 4 Nilam Farooq
70%
Staffel 3 Riccardo Simonetti
70%
Staffel 7 Sarah Connor
70%
Staffel 1 Thomas Gottschalk
70%
Staffel 8 Tommi Schmitt
70%
Staffel 8 Kurt Krömer
60%
Keine übereinstimmenden Quizze gefunden
Verteilung der Resultate
Anzahl Personen mit jedem Resultat
Perzentil nach korrekt beantworteten Fragen
Ihre Resultats-Entwicklung
Sie haben dieses Quiz seit der letzten Aktualisierung nicht gespielt